Tribhuvan University Central Library

Probability and statistics (Record no. 44391)

MARC details
000 -LEADER
fixed length control field 007630000a22003250004500
082 ## - DEWEY DECIMAL CLASSIFICATION NUMBER
Classification number 519.2
Item number D36p
020 ## - INTERNATIONAL STANDARD BOOK NUMBER
International Standard Book Number 978-0-12-369463-8
041 ## - LANGUAGE CODE
Language code of text/sound track or separate title Eng
005 - DATE AND TIME OF LATEST TRANSACTION
control field 20120907085148.0
100 ## - MAIN ENTRY--PERSONAL NAME
Personal name Deep, Ronald
245 ## - TITLE STATEMENT
Title Probability and statistics
260 ## - PUBLICATION, DISTRIBUTION, ETC. (IMPRINT)
Place of publication, distribution, etc Amsterdam
Name of publisher, distributor, etc Elsevier, USA
260 ## - PUBLICATION, DISTRIBUTION, ETC. (IMPRINT)
Date of publication, distribution, etc 2006
300 ## - PHYSICAL DESCRIPTION
Extent xx, 686p.
Other physical details illus.
538 ## - SYSTEM DETAILS NOTE
System details note T
518 ## - DATE/TIME AND PLACE OF AN EVENT NOTE
Date/time and place of an event note 2008-06-18
530 ## - ADDITIONAL PHYSICAL FORM AVAILABLE NOTE
Additional physical form available note M
500 ## - GENERAL NOTE
General note Bibliography: p.679-680
650 ## - SUBJECT ADDED ENTRY--TOPICAL TERM
Topical term or geographic name as entry element Probabilities
650 ## - SUBJECT ADDED ENTRY--TOPICAL TERM
Topical term or geographic name as entry element Computer simulation
650 ## - SUBJECT ADDED ENTRY--TOPICAL TERM
Topical term or geographic name as entry element Mathematical statistics
650 ## - SUBJECT ADDED ENTRY--TOPICAL TERM
Topical term or geographic name as entry element Sets
650 ## - SUBJECT ADDED ENTRY--TOPICAL TERM
Topical term or geographic name as entry element Variables
650 ## - SUBJECT ADDED ENTRY--TOPICAL TERM
Topical term or geographic name as entry element Distribution
650 ## - SUBJECT ADDED ENTRY--TOPICAL TERM
Topical term or geographic name as entry element Sampling
650 ## - SUBJECT ADDED ENTRY--TOPICAL TERM
Topical term or geographic name as entry element Hypothesis testing
650 ## - SUBJECT ADDED ENTRY--TOPICAL TERM
Topical term or geographic name as entry element Regression
650 ## - SUBJECT ADDED ENTRY--TOPICAL TERM
Topical term or geographic name as entry element Correlation analysis
942 ## - ADDED ENTRY ELEMENTS (KOHA)
Koha item type General Collections
Holdings
Withdrawn status Lost status Damaged status Not for loan Home library Current library Date acquired Total Checkouts Barcode Date last seen Price effective from Source of classification or shelving scheme Total Renewals Full call number Checked out Date checked out Koha item type
        Tribhuvan University Central Library Tribhuvan University Central Library 06/20/2010   132684T 06/20/2010 06/20/2010            
        Tribhuvan University Central Library Tribhuvan University Central Library 07/24/2011 3 141213 06/25/2018 07/24/2011 Dewey Decimal Classification 1 519.2 D36p 07/19/2018 06/25/2018 General Collections